000 00834nam a2200229Ia 4500
003 OSt
005 20220923212206.0
006 a|||||r|||| 00| 0
007 ta
008 220922b |||||||| |||| 00| 0 hin d
024 _a151,588
037 _cTextual
040 _aARTS
_cARTS
_bhin
041 _2hin
_ahin
082 _aDelta2x, 152w1K8
100 _aअग्रवाल, हरिकिशन दास; कुन्जबिहारी लाल गुमास्ता, अनु.
_9162290
245 0 _aमन की शान्ति
246 _ahin kī shānti
260 _c1968
942 _hDelta2x, 152w1K8
_cTEXL
_2CC
999 _c307261
_d307261